An illustrated history of modern Europe, 1789-1945 / (Record no. 25388)
[ view plain ]
| 000 -LEADER | |
|---|---|
| fixed length control field | 00830nam a2200265 a 4500 |
| 001 - CONTROL NUMBER | |
| control field | 25388 |
| 003 - CONTROL NUMBER IDENTIFIER | |
| rucl marc code | BD-RjUL |
| 005 - DATE AND TIME OF LATEST TRANSACTION | |
| control field | 20211209050855.0 |
| 008 - FIXED-LENGTH DATA ELEMENTS--GENERAL INFORMATION | |
| fixed length control field | 140318r19671950enkabch 001 0 eng d |
| 035 ## - SYSTEM CONTROL NUMBER | |
| System control number | (BD-RjUL)25458 |
| System control number | (BD-RjUL) |
| 040 ## - CATALOGING SOURCE | |
| Original cataloging agency | VCAV |
| Language of cataloging | eng |
| Transcribing agency | VCAV |
| Modifying agency | APLS |
| -- | BD-RjUL |
| 041 ## - LANGUAGE CODE | |
| Language code of text/sound track or separate title | eng |
| 082 04 - DEWEY DECIMAL CLASSIFICATION NUMBER | |
| Classification number | 940.28 |
| Author mark and year | RII 1967 |
| 100 1# - MAIN ENTRY--PERSONAL NAME | |
| Personal name | Richards, Denis, |
| Dates associated with a name | 1910- |
| 9 (RLIN) | 73302 |
| 245 13 - TITLE STATEMENT | |
| Title | An illustrated history of modern Europe, 1789-1945 / |
| Statement of responsibility, etc. | by Denis Richards. |
| 250 ## - EDITION STATEMENT | |
| Edition statement | 5th ed. |
| 260 ## - PUBLICATION, DISTRIBUTION, ETC. (IMPRINT) | |
| Place of publication, distribution, etc. | London : |
| Name of publisher, distributor, etc. | Longman, Green and Co., |
| Date of publication, distribution, etc. | 1950 [Impression 1967]. |
| 300 ## - PHYSICAL DESCRIPTION | |
| Pagination | xv, 364 p. : |
| Illustrations | ill. ; |
| Size | 19 cm. |
| 500 ## - GENERAL NOTE | |
| General note | Cover title: Modern Europe, 1789-1945. |
| 504 ## - BIBLIOGRAPHY, ETC. NOTE | |
| Bibliography, etc | Includes index. |
| 651 #0 - SUBJECT ADDED ENTRY--GEOGRAPHIC NAME | |
| Geographic name | Europe |
| General subdivision | History |
| Chronological subdivision | 1789-1900. |
| 9 (RLIN) | 69784 |
| Geographic name | Europe |
| General subdivision | History |
| Chronological subdivision | 20th century. |
| 9 (RLIN) | 9816 |
| 942 ## - ADDED ENTRY ELEMENTS (KOHA) | |
| Source of classification or shelving scheme | Dewey Decimal Classification |
| Koha item type | Books |
| Lost status | Source of classification or shelving scheme | Damaged status | Not for loan | Collection code | Permanent Location | Current Location | Shelving location | Date acquired | Source of acquisition | Cost, normal purchase price | Total Checkouts | Full call number | Date last seen | Date checked out | Copy number | Koha item type |
|---|---|---|---|---|---|---|---|---|---|---|---|---|---|---|---|---|
| Dewey Decimal Classification | Non-fiction | Central Library, University of Rajshahi | Central Library, University of Rajshahi | 15/11/1970 | Zetlinger | 14.00 | 1 | 940.28 RII 1967 | 01/06/2017 | 24/05/2017 | C-9 | Books | ||||
| Dewey Decimal Classification | Non-fiction | Central Library, University of Rajshahi | Central Library, University of Rajshahi | 24/08/1973 | Provincial Book Depot. | 24.00 | 940.28 RII 1967 | 07/05/2014 | C-10 | Books | ||||||
| Dewey Decimal Classification | Not For Loan | Non-fiction | Central Library, University of Rajshahi | Central Library, University of Rajshahi | Reading Room | 02/08/1960 | Pak-American Councile | 7.80 | 940.28 RII 1959 | 16/02/2017 | C-1 | Books |